[Event "ITA-ch U16"]
[Site "Salsomaggiore Terme"]
[Date "2019.07.09"]
[Round "4"]
[White "Carlo, Emanuele"]
[Black "Bonali, Leonardo"]
[Result "1-0"]
[WhiteElo "2225"]
[BlackElo "2013"]
[PlyCount "119"]
[EventDate "2019.07.07"]
[EventType "swiss"]
[EventRounds "9"]
[EventCountry "ITA"]
[SourceTitle "EXT 2020"]
[Source "ChessBase"]
[SourceDate "2019.10.17"]
[SourceVersion "1"]
[SourceVersionDate "2019.10.17"]
[SourceQuality "1"]

1. e4 c6 2. d4 d5 3. Nd2 dxe4 4. Nxe4 Nd7 5. Nf3 Ngf6 6. Nxf6+ Nxf6 7. Bc4 Bf5 8. c3 e6 9. 0-0 Qc7 10. Re1 Bd6 11. Bg5 h6 12. Bxf6 gxf6 13. Nh4 Bh7 14. g3 0-0-0 15. Qf3 f5 16. Ng2 Rdg8 17. Bf1 f4 18. c4 fxg3 19. hxg3 c5 20. Rac1 Bf5 21. b4 cxd4 22. c5 Be7 23. Nf4 h5 24. c6 b6 25. Nd5 exd5 26. Qxf5+ Kd8 27. Bh3 h4 28. Qd7+ Qxd7 29. cxd7 Bc5 30. bxc5 hxg3 31. cxb6 Rxh3 32. Rc8+ Kxd7 33. Rxg8 gxf2+ 34. Kxf2 axb6 35. Rd1 Ra3 36. Rd2 Kc6 37. Rf8 Ra7 38. Rc8+ Kd7 39. Rcc2 Ra4 40. Rd3 Kd6 41. Rf3 Ra7 42. Rb3 Ra6 43. Ke2 Ke5 44. Kd3 f5 45. Re2+ Kd6 46. Kxd4 Ra4+ 47. Kd3 f4 48. Rxb6+ Kc5 49. Rb3 Rd4+ 50. Kc2 Ra4 51. Kd1 Kc4 52. Rc2+ Kd4 53. Ke2 Ke4 54. Kf2 d4 55. Re2+ Kd5 56. Kf3 Kc4 57. Rc2+ Kd5 58. Rb5+ Kd6 59. Rf5 d3 60. Rd2 1-0